The evolution of vertebrate design

Saved in:
Bibliografiske detaljer
Hovedforfatter: Radinsky, Leonard B (Author)
Format: Bog
Sprog:engelsk
Udgivet: Chicago The University of Chicago Press 1987
Fag:
Tags: Tilføj Tag
Ingen Tags, Vær først til at tagge denne postø!

MARC

LEADER 00000nam a2200000 a 4500
001 UCV5438
003 CL-VaPUC
008 930623e19870000US |||||||||||||||||eng|d
082 0 4 |a 596.038  |b RAD  |2 21 
100 0 |a Radinsky, Leonard B  |e author  |9 299770 
245 1 4 |a The evolution of vertebrate design 
300 |a 188 p 
942 |c BK 
945 |d 19930623 00:00:00 
260 |a Chicago  |b The University of Chicago Press  |c 1987 
650 0 |a Vertebrados  |x Evolución   |9 859506 
650 0 |a Vertebrados  |x Fósiles   |9 262243 
583 |a last modification  |c 19930623 00:00:00  |k Rodrigo Vera 
999 |c 211972  |d 211970 
952 |0 0  |1 0  |2 ddc  |4 0  |6 596_038000000000000_RAD_1987  |7 0  |8 CCM  |9 192238  |a BIBCUR  |b BIBCUR  |c PAC  |d 2019-11-14  |i 2595923  |o 596.038 RAD 1987  |p 2595923  |r 2025-04-22  |w 2019-11-14  |y BK  |k CIM